Statistics for Lady Gaga -Government Hooker

Click here to take the quiz!

General Stats

  • This quiz has been taken 27 times
  • The average score is 280 of 313

Answer Stats

Answer% Correct
and
100%
F.
100%
hooker
100%
I
100%
(I
100%
me
100%
wanna
100%
as
95%
As
95%
baby
95%
bad)
95%
be
95%
can
95%
could
95%
everything
95%
good
95%
(If
95%
I'm
95%
Just
95%
just
95%
long
95%
my
95%
on
95%
to
95%
touch
95%
you
95%
your
95%
anything
90%
around)
90%
'Cause
90%
gonna
90%
know
90%
love
90%
cool
85%
cry
85%
drink
85%
fuck
85%
(Get
85%
hands)
85%
hands
85%
John
85%
Kennedy
85%
tears
85%
the
85%
turn
85%
want
85%
down)
80%
government
80%
I'll
80%
mad)
80%
(Put
80%
Put
80%
sex
80%
Stop
80%
tonight
80%
dad)
75%
dad
75%
don't
75%
ground)
75%
mom
75%
(Unless
75%
up
75%
hold
70%
make
70%
pay
70%
(Back
65%
man)
65%
sad)
65%
(oh)
60%
Oh
60%
papito)
60%
fucking
55%
squeal
55%
your'e
55%
girl
50%
Yes
45%

Score Distribution

Percentile by Number Answered

Percent of People with Each Score

Your Score History

You have not taken this quiz